[Event "harpa"]
[Site "?"]
[Date "2013.02.23"]
[Round "6.3"]
[White "Sokolov, Ivan"]
[Black "Krush, Irina"]
[Result "1-0"]
[LiveChessVersion "1.4"]
[BlackElo "2460"]
[WhiteElo "2644"]

1. d4 {[%clk 1:18:03]} Nf6 {[%clk 1:30:45]} 2. c4 {[%clk 1:18:20]} e6
{[%clk 1:31:05]} 3. Nf3 {[%clk 1:18:13]} Bb4+ {[%clk 1:30:43]} 4. Bd2
{[%clk 1:17:48]} Bxd2+ {[%clk 1:30:26]} 5. Qxd2 {[%clk 1:18:02]} d5
{[%clk 1:30:12]} 6. Nc3 {[%clk 1:15:57]} O-O {[%clk 1:29:05]} 7. e3
{[%clk 1:13:01]} Qe7 {[%clk 1:28:50]} 8. Rd1 {[%clk 1:06:48]} Rd8
{[%clk 1:23:15]} 9. Qc2 {[%clk 1:04:12]} a6 {[%clk 1:19:06]} 10. cxd5
{[%clk 0:52:51]} exd5 {[%clk 1:18:47]} 11. h3 {[%clk 0:53:17]} Nc6
{[%clk 1:14:29]} 12. a3 {[%clk 0:52:27]} Ne4 {[%clk 1:12:16]} 13. Nxe4
{[%clk 0:45:55]} dxe4 {[%clk 1:12:24]} 14. Nd2 {[%clk 0:46:06]} Bf5
{[%clk 1:11:09]} 15. Be2 {[%clk 0:41:13]} Rd6 {[%clk 0:58:19]} 16. Qc5
{[%clk 0:38:44]} Qd7 {[%clk 0:54:25]} 17. Nf1 {[%clk 0:30:48]} Bg6
{[%clk 0:45:59]} 18. Ng3 {[%clk 0:25:47]} f5 {[%clk 0:34:36]} 19. O-O
{[%clk 0:23:54]} Rf8 {[%clk 0:29:34]} 20. Rc1 {[%clk 0:21:34]} f4
{[%clk 0:22:36]} 21. exf4 {[%clk 0:17:34]} Rxd4 {[%clk 0:21:00]} 22. Bc4+
{[%clk 0:16:36]} Bf7 {[%clk 0:20:58]} 23. Bxa6 {[%clk 0:16:37]} Nd8
{[%clk 0:13:52]} 24. Be2 {[%clk 0:14:28]} Ne6 {[%clk 0:06:54]} 25. Qe5
{[%clk 0:14:31]} c6 {[%clk 0:04:31]} 26. Rfd1 {[%clk 0:14:14]} Rd5
{[%clk 0:02:35]} 27. Rxd5 {[%clk 0:12:29]} Qxd5 {[%clk 0:01:34]} 28. Nxe4
{[%clk 0:12:19]} Nxf4 {[%clk 0:01:30]} 29. Qxf4 {[%clk 0:08:52]} Bg6
{[%clk 0:01:55]} 30. Nc3 {[%clk 0:05:37]} Rxf4 {[%clk 0:02:05]} 31. Nxd5
{[%clk 0:06:03]} cxd5 {[%clk 0:02:25]} 32. Rd1 {[%clk 0:04:44]} Bf7
{[%clk 0:01:39]} 33. Bf3 {[%clk 0:04:56]} Rf5 {[%clk 0:01:00]} 34. Kf1
{[%clk 0:05:23]} g5 {[%clk 0:01:01]} 35. Rc1 {[%clk 0:03:44]} Rf6
{[%clk 0:01:12]} 36. Rc8+ {[%clk 0:03:47]} Kg7 {[%clk 0:01:27]} 37. Rc7
{[%clk 0:04:14]} 1-0

[Event "harpa"]
[Site "?"]
[Date "2013.02.23"]
[Round "6.4"]
[White "Hagen, Andreas Skytte"]
[Black "Kuzubov, Yuriy"]
[Result "0-1"]
[LiveChessVersion "1.4"]
[BlackElo "2622"]
[WhiteElo "2411"]

1. e4 {[%clk 1:30:57]} c5 {[%clk 1:30:46]} 2. Nf3 {[%clk 1:31:23]} Nc6
{[%clk 1:31:11]} 3. d4 {[%clk 1:31:50]} cxd4 {[%clk 1:31:30]} 4. Nxd4
{[%clk 1:32:16]} g6 {[%clk 1:31:53]} 5. Nc3 {[%clk 1:32:43]} Bg7 {[%clk 1:32:15]}
6. Be3 {[%clk 1:33:09]} Nf6 {[%clk 1:32:35]} 7. Bc4 {[%clk 1:32:26]} O-O
{[%clk 1:32:53]} 8. Bb3 {[%clk 1:32:20]} d6 {[%clk 1:33:13]} 9. f3
{[%clk 1:32:04]} Na5 {[%clk 1:33:36]} 10. Qd2 {[%clk 1:25:13]} Bd7
{[%clk 1:34:00]} 11. Bh6 {[%clk 1:23:55]} Bxh6 {[%clk 1:23:36]} 12. Qxh6
{[%clk 1:24:20]} e5 {[%clk 1:23:28]} 13. Nde2 {[%clk 1:22:29]} b5
{[%clk 1:23:12]} 14. Qd2 {[%clk 1:10:15]} Nxb3 {[%clk 0:58:08]} 15. axb3
{[%clk 1:01:21]} b4 {[%clk 0:58:33]} 16. Na2 {[%clk 0:49:46]} d5 {[%clk 0:58:56]}
17. exd5 {[%clk 0:47:57]} a5 {[%clk 0:55:30]} 18. O-O {[%clk 0:46:43]} Bc6
{[%clk 0:51:12]} 19. d6 {[%clk 0:41:39]} e4 {[%clk 0:46:16]} 20. c4
{[%clk 0:36:04]} exf3 {[%clk 0:33:12]} 21. gxf3 {[%clk 0:36:26]} Re8
{[%clk 0:33:37]} 22. Rad1 {[%clk 0:34:24]} Nh5 {[%clk 0:25:45]} 23. Nac1
{[%clk 0:29:00]} Re5 {[%clk 0:20:24]} 24. Ng3 {[%clk 0:23:25]} Qf6
{[%clk 0:11:31]} 25. Nce2 {[%clk 0:15:42]} Rd8 {[%clk 0:04:40]} 26. Rf2
{[%clk 0:05:49]} Ng7 {[%clk 0:01:36]} 27. Ne4 {[%clk 0:02:52]} Bxe4
{[%clk 0:01:16]} 28. fxe4 {[%clk 0:03:19]} Qe6 {[%clk 0:01:02]} 29. Nf4
{[%clk 0:02:21]} Rg5+ {[%clk 0:00:43]} 30. Rg2 {[%clk 0:02:30]} Rxg2+
{[%clk 0:00:46]} 31. Qxg2 {[%clk 0:01:59]} Qe5 {[%clk 0:00:56]} 32. Nd5
{[%clk 0:01:15]} Rxd6 {[%clk 0:00:39]} 33. Qg3 {[%clk 0:00:49]} Qxg3+
{[%clk 0:00:35]} 34. hxg3 {[%clk 0:01:15]} Kf8 {[%clk 0:00:39]} 35. Ra1
{[%clk 0:01:13]} Ra6 {[%clk 0:00:37]} 36. Nxb4 {[%clk 0:01:26]} Rb6
{[%clk 0:01:01]} 37. Nd5 {[%clk 0:01:34]} Rxb3 {[%clk 0:01:25]} 38. Rxa5
{[%clk 0:01:45]} Ne6 {[%clk 0:01:12]} 39. c5 {[%clk 0:01:08]} Rxg3+
{[%clk 0:00:56]} 40. Kf2 {[%clk 0:30:45]} Rb3 {[%clk 0:31:16]} 41. Ra8+
{[%clk 0:23:53]} Kg7 {[%clk 0:31:39]} 42. c6 {[%clk 0:23:31]} Rxb2+
{[%clk 0:32:03]} 43. Kg3 {[%clk 0:21:39]} Rc2 {[%clk 0:23:06]} 44. c7
{[%clk 0:21:36]} Rxc7 {[%clk 0:19:56]} 45. Nxc7 {[%clk 0:21:50]} Nxc7
{[%clk 0:20:22]} 46. Ra7 {[%clk 0:21:03]} Ne6 {[%clk 0:20:46]} 47. Kg4
{[%clk 0:19:31]} Nd4 {[%clk 0:18:42]} 48. Rd7 {[%clk 0:18:43]} h5+
{[%clk 0:17:17]} 49. Kg3 {[%clk 0:11:45]} Ne6 {[%clk 0:17:22]} 50. Ra7
{[%clk 0:10:08]} g5 {[%clk 0:17:38]} 51. Kf3 {[%clk 0:09:28]} Nd4+
{[%clk 0:17:46]} 52. Kg3 {[%clk 0:08:48]} Nc6 {[%clk 0:18:00]} 53. Ra6
{[%clk 0:08:39]} Ne5 {[%clk 0:18:24]} 54. Ra5 {[%clk 0:08:49]} f6
{[%clk 0:18:48]} 55. Kh3 {[%clk 0:08:28]} Kh6 {[%clk 0:17:13]} 56. Ra8
{[%clk 0:08:19]} g4+ {[%clk 0:17:16]} 57. Kh4 {[%clk 0:08:11]} Ng6+
{[%clk 0:17:38]} 58. Kg3 {[%clk 0:08:34]} Kg5 {[%clk 0:18:00]} 59. Rg8
{[%clk 0:06:39]} h4+ {[%clk 0:18:22]} 60. Kg2 {[%clk 0:04:17]} Kh5
{[%clk 0:18:03]} 61. Kf2 {[%clk 0:04:15]} Kh6 {[%clk 0:16:24]} 62. Ke3
{[%clk 0:04:13]} Kh7 {[%clk 0:09:05]} 63. Ra8 {[%clk 0:04:36]} Ne5
{[%clk 0:07:29]} 64. Kf2 {[%clk 0:03:26]} Nd3+ {[%clk 0:07:29]} 65. Kg2
{[%clk 0:02:04]} Nf4+ {[%clk 0:07:45]} 66. Kh1 {[%clk 0:00:45]} g3
{[%clk 0:07:44]} 67. Ra6 {[%clk 0:00:35]} h3 {[%clk 0:07:07]} 68. Ra2
{[%clk 0:00:36]} Kg6 {[%clk 0:07:14]} 69. Rb2 {[%clk 0:00:38]} Nd3
{[%clk 0:07:11]} 0-1

[Event "harpa"]
[Site "?"]
[Date "2013.02.23"]
[Round "6.5"]
[White "L'ami, Erwin"]
[Black "Ris, Robert"]
[Result "1-0"]
[LiveChessVersion "1.4"]
[BlackElo "2407"]
[WhiteElo "2622"]

1. d4 {[%clk 1:30:57]} Nf6 {[%clk 1:30:48]} 2. c4 {[%clk 1:31:20]} c5
{[%clk 1:31:07]} 3. d5 {[%clk 1:31:44]} e5 {[%clk 1:31:25]} 4. Nc3
{[%clk 1:31:32]} d6 {[%clk 1:31:35]} 5. e4 {[%clk 1:31:04]} Be7 {[%clk 1:31:38]}
6. Be2 {[%clk 1:28:13]} Nbd7 {[%clk 1:30:53]} 7. Be3 {[%clk 1:25:41]} O-O
{[%clk 1:23:37]} 8. g4 {[%clk 1:24:37]} Ne8 {[%clk 1:20:29]} 9. h4
{[%clk 1:24:46]} g6 {[%clk 1:17:49]} 10. h5 {[%clk 1:18:07]} Bg5 {[%clk 1:13:15]}
11. Qd2 {[%clk 1:18:28]} Bxe3 {[%clk 1:12:09]} 12. Qxe3 {[%clk 1:18:52]} g5
{[%clk 1:11:50]} 13. Nf3 {[%clk 1:12:47]} f6 {[%clk 1:04:52]} 14. Nd2
{[%clk 1:11:05]} a6 {[%clk 1:00:13]} 15. a3 {[%clk 1:02:01]} Rf7 {[%clk 0:58:13]}
16. b4 {[%clk 0:58:11]} b6 {[%clk 0:56:17]} 17. f3 {[%clk 0:54:30]} Nf8
{[%clk 0:52:38]} 18. Kf2 {[%clk 0:54:22]} Rb7 {[%clk 0:50:46]} 19. Rhb1
{[%clk 0:52:45]} Rab8 {[%clk 0:49:43]} 20. Rb2 {[%clk 0:51:43]} Qc7
{[%clk 0:47:05]} 21. Rab1 {[%clk 0:48:55]} Bd7 {[%clk 0:44:17]} 22. Nf1
{[%clk 0:46:33]} Kf7 {[%clk 0:34:30]} 23. Qd2 {[%clk 0:41:23]} Ke7
{[%clk 0:33:41]} 24. Ne3 {[%clk 0:41:35]} Kd8 {[%clk 0:33:29]} 25. Bd1
{[%clk 0:38:02]} b5 {[%clk 0:29:00]} 26. cxb5 {[%clk 0:35:02]} axb5
{[%clk 0:28:23]} 27. Be2 {[%clk 0:34:52]} c4 {[%clk 0:26:49]} 28. a4
{[%clk 0:30:23]} bxa4 {[%clk 0:26:37]} 29. b5 {[%clk 0:30:40]} a3
{[%clk 0:22:07]} 30. Rb4 {[%clk 0:30:19]} Qb6 {[%clk 0:21:40]} 31. Kg2
{[%clk 0:23:18]} Qd4 {[%clk 0:18:10]} 32. Nxc4 {[%clk 0:21:24]} a2
{[%clk 0:15:33]} 33. Nxa2 {[%clk 0:20:36]} Rxb5 {[%clk 0:15:42]} 34. Qxd4
{[%clk 0:16:41]} exd4 {[%clk 0:16:07]} 35. Na5 {[%clk 0:16:38]} Rxb4
{[%clk 0:15:07]} 36. Nxb4 {[%clk 0:16:57]} Ra8 {[%clk 0:14:06]} 37. Nac6+
{[%clk 0:14:02]} Bxc6 {[%clk 0:12:51]} 38. Nxc6+ {[%clk 0:14:26]} Kc7
{[%clk 0:12:53]} 39. Nxd4 {[%clk 0:14:42]} Ra2 {[%clk 0:12:52]} 40. Kf1
{[%clk 0:43:16]} Nd7 {[%clk 0:41:59]} 41. Bb5 {[%clk 0:39:30]} 1-0

[Event "harpa"]
[Site "?"]
[Date "2013.02.23"]
[Round "6.6"]
[White "Ipatov, Alexander"]
[Black "Thorfinnsson, Bjorn"]
[Result "1-0"]
[LiveChessVersion "1.4"]
[BlackElo "2386"]
[WhiteElo "2569"]

1. c4 {[%clk 1:27:52]} Nf6 {[%clk 1:28:09]} 2. Nc3 {[%clk 1:27:49]} e5
{[%clk 1:27:11]} 3. Nf3 {[%clk 1:26:24]} Nc6 {[%clk 1:27:34]} 4. d4
{[%clk 1:26:41]} exd4 {[%clk 1:27:21]} 5. Nxd4 {[%clk 1:27:07]} Bc5
{[%clk 1:25:39]} 6. Nxc6 {[%clk 1:27:17]} bxc6 {[%clk 1:24:34]} 7. g3
{[%clk 1:26:38]} d5 {[%clk 1:23:34]} 8. Bg2 {[%clk 1:21:03]} O-O {[%clk 1:17:51]}
9. O-O {[%clk 1:17:30]} Be6 {[%clk 1:17:29]} 10. Qa4 {[%clk 1:09:58]} Bd7
{[%clk 1:11:28]} 11. Bg5 {[%clk 1:06:12]} Be7 {[%clk 1:09:34]} 12. Rad1
{[%clk 1:02:49]} Qc8 {[%clk 0:48:33]} 13. e4 {[%clk 0:46:57]} d4 {[%clk 0:40:49]}
14. Rxd4 {[%clk 0:44:37]} h6 {[%clk 0:38:21]} 15. Bxf6 {[%clk 0:38:31]} Bxf6
{[%clk 0:38:45]} 16. Rd3 {[%clk 0:38:59]} Rb8 {[%clk 0:38:04]} 17. b3
{[%clk 0:35:27]} c5 {[%clk 0:36:43]} 18. Qa5 {[%clk 0:27:05]} Bc6
{[%clk 0:33:24]} 19. Qxc5 {[%clk 0:25:33]} Qb7 {[%clk 0:33:17]} 20. Nd5
{[%clk 0:20:46]} Bxd5 {[%clk 0:33:30]} 21. cxd5 {[%clk 0:19:57]} Be5
{[%clk 0:32:42]} 22. f4 {[%clk 0:12:34]} Bd6 {[%clk 0:32:48]} 23. Qc3
{[%clk 0:13:00]} f6 {[%clk 0:32:46]} 24. Bh3 {[%clk 0:13:11]} Qb4
{[%clk 0:32:40]} 25. Be6+ {[%clk 0:12:53]} Kh8 {[%clk 0:32:20]} 26. Bf5
{[%clk 0:13:05]} Qxc3 {[%clk 0:31:25]} 27. Rxc3 {[%clk 0:13:33]} g5
{[%clk 0:31:45]} 28. Kg2 {[%clk 0:11:25]} a5 {[%clk 0:29:13]} 29. Rc4
{[%clk 0:09:57]} Rb4 {[%clk 0:29:27]} 30. Bd7 {[%clk 0:07:03]} gxf4
{[%clk 0:25:59]} 31. gxf4 {[%clk 0:07:30]} Rfb8 {[%clk 0:26:16]} 32. Rxb4
{[%clk 0:05:16]} Rxb4 {[%clk 0:25:33]} 33. Kf3 {[%clk 0:05:34]} Rd4
{[%clk 0:25:49]} 34. Rf2 {[%clk 0:04:16]} Bb4 {[%clk 0:24:53]} 35. Rc2
{[%clk 0:03:02]} Bd6 {[%clk 0:20:50]} 36. Re2 {[%clk 0:03:30]} Bb4
{[%clk 0:21:03]} 37. Kg4 {[%clk 0:01:15]} Rd2 {[%clk 0:21:21]} 38. Rxd2
{[%clk 0:00:39]} Bxd2 {[%clk 0:21:45]} 39. Kf5 {[%clk 0:01:06]} Kg7
{[%clk 0:22:08]} 40. Be6 {[%clk 0:30:36]} Bc1 {[%clk 0:51:36]} 41. h3
{[%clk 0:20:55]} Be3 {[%clk 0:48:43]} 42. Kg4 {[%clk 0:11:16]} Bc1
{[%clk 0:46:52]} 43. h4 {[%clk 0:11:38]} Bd2 {[%clk 0:42:14]} 44. h5
{[%clk 0:11:41]} Bc1 {[%clk 0:41:38]} 45. Kf5 {[%clk 0:12:00]} Bb2
{[%clk 0:40:02]} 46. Bc8 {[%clk 0:11:54]} Kf7 {[%clk 0:40:18]} 47. Be6+
{[%clk 0:12:11]} Kg7 {[%clk 0:40:24]} 48. Bc8 {[%clk 0:10:33]} Kf7
{[%clk 0:40:48]} 49. Ba6 {[%clk 0:11:02]} Bc1 {[%clk 0:40:35]} 50. Bb5
{[%clk 0:10:15]} Ke7 {[%clk 0:40:24]} 51. Bc4 {[%clk 0:09:19]} Bd2
{[%clk 0:36:02]} 52. a4 {[%clk 0:07:15]} Kd7 {[%clk 0:12:54]} 53. b4
{[%clk 0:06:20]} axb4 {[%clk 0:13:00]} 54. a5 {[%clk 0:06:49]} b3
{[%clk 0:07:34]} 55. a6 {[%clk 0:06:40]} b2 {[%clk 0:07:57]} 56. Bd3
{[%clk 0:06:46]} Kc8 {[%clk 0:08:12]} 57. Kxf6 {[%clk 0:06:49]} Bxf4
{[%clk 0:08:37]} 58. e5 {[%clk 0:07:16]} 1-0

[Event "harpa"]
[Site "?"]
[Date "2013.02.23"]
[Round "6.7"]
[White "Guo, Qi"]
[Black "Kveinys, Aloyzas"]
[Result "0-1"]
[LiveChessVersion "1.4"]
[BlackElo "2533"]
[WhiteElo "2431"]

1. d4 {[%clk 1:30:34]} Nf6 {[%clk 1:30:28]} 2. c4 {[%clk 1:30:44]} e6
{[%clk 1:30:44]} 3. Nf3 {[%clk 1:30:32]} d5 {[%clk 1:27:58]} 4. Nc3
{[%clk 1:30:49]} Be7 {[%clk 1:26:45]} 5. Bg5 {[%clk 1:30:44]} O-O
{[%clk 1:27:01]} 6. e3 {[%clk 1:31:03]} Nbd7 {[%clk 1:27:10]} 7. Rc1
{[%clk 1:30:44]} dxc4 {[%clk 1:27:19]} 8. Bxc4 {[%clk 1:31:00]} a6
{[%clk 1:27:40]} 9. a4 {[%clk 1:27:16]} c5 {[%clk 1:27:51]} 10. O-O
{[%clk 1:27:29]} cxd4 {[%clk 1:28:06]} 11. exd4 {[%clk 1:25:26]} Nb6
{[%clk 1:28:17]} 12. Bb3 {[%clk 1:24:29]} Bd7 {[%clk 1:28:02]} 13. Qd3
{[%clk 1:13:00]} Bc6 {[%clk 1:26:15]} 14. Ne5 {[%clk 1:12:04]} Nbd5
{[%clk 1:25:48]} 15. Rfd1 {[%clk 1:09:50]} Nb4 {[%clk 1:16:58]} 16. Qg3
{[%clk 0:57:00]} Nh5 {[%clk 1:14:22]} 17. Bxe7 {[%clk 0:57:24]} Qxe7
{[%clk 1:14:37]} 18. Nxc6 {[%clk 0:57:44]} bxc6 {[%clk 1:14:54]} 19. Qf3
{[%clk 0:51:22]} Nf6 {[%clk 1:09:55]} 20. Ne4 {[%clk 0:51:38]} Nfd5
{[%clk 1:09:58]} 21. a5 {[%clk 0:50:39]} Rfd8 {[%clk 1:04:28]} 22. Rc5
{[%clk 0:49:02]} Rab8 {[%clk 1:00:11]} 23. h3 {[%clk 0:47:33]} Nf6
{[%clk 0:56:00]} 24. Nxf6+ {[%clk 0:47:18]} Qxf6 {[%clk 0:56:24]} 25. Qxf6
{[%clk 0:45:57]} gxf6 {[%clk 0:56:50]} 26. Bc4 {[%clk 0:46:15]} e5
{[%clk 0:53:27]} 27. d5 {[%clk 0:46:25]} Rd6 {[%clk 0:53:30]} 28. Bxa6
{[%clk 0:38:10]} Nxa6 {[%clk 0:48:31]} 29. Rxc6 {[%clk 0:38:37]} Rbd8
{[%clk 0:48:40]} 30. Rdc1 {[%clk 0:39:02]} Nb4 {[%clk 0:48:12]} 31. Rxd6
{[%clk 0:39:25]} Rxd6 {[%clk 0:48:33]} 32. Rc8+ {[%clk 0:39:53]} Kg7
{[%clk 0:48:48]} 33. Rb8 {[%clk 0:40:18]} Nxd5 {[%clk 0:48:34]} 34. b4
{[%clk 0:40:46]} Ra6 {[%clk 0:47:14]} 35. Rb5 {[%clk 0:39:13]} Nc7
{[%clk 0:44:45]} 36. Rb7 {[%clk 0:39:31]} Ne6 {[%clk 0:45:07]} 37. Kf1
{[%clk 0:39:29]} Nd4 {[%clk 0:41:58]} 38. Ke1 {[%clk 0:39:43]} Rc6
{[%clk 0:41:18]} 39. Kd1 {[%clk 0:39:39]} Rc2 {[%clk 0:41:00]} 40. Ke1
{[%clk 1:05:54]} Re2+ {[%clk 1:10:04]} 41. Kf1 {[%clk 1:06:15]} Ra2
{[%clk 1:09:53]} 42. g4 {[%clk 1:06:13]} Nc2 {[%clk 1:06:25]} 43. Rb6
{[%clk 0:56:18]} Ra4 {[%clk 1:06:39]} 44. a6 {[%clk 0:56:04]} Nxb4
{[%clk 1:07:00]} 0-1

[Event "harpa"]
[Site "?"]
[Date "2013.02.23"]
[Round "6.8"]
[White "Yilmaz, Mustafa"]
[Black "L'ami, Alina"]
[Result "1-0"]
[LiveChessVersion "1.4"]
[BlackElo "2362"]
[WhiteElo "2531"]

1. d4 {[%clk 1:30:56]} Nf6 {[%clk 1:30:55]} 2. c4 {[%clk 1:31:22]} g6
{[%clk 1:31:22]} 3. Nc3 {[%clk 1:31:48]} Bg7 {[%clk 1:31:48]} 4. e4
{[%clk 1:32:07]} d6 {[%clk 1:32:13]} 5. Nf3 {[%clk 1:32:33]} O-O {[%clk 1:32:39]}
6. Be2 {[%clk 1:33:01]} e5 {[%clk 1:32:44]} 7. O-O {[%clk 1:33:24]} Nc6
{[%clk 1:33:10]} 8. d5 {[%clk 1:33:51]} Ne7 {[%clk 1:33:37]} 9. b4
{[%clk 1:34:17]} Nh5 {[%clk 1:33:48]} 10. g3 {[%clk 1:34:25]} f5 {[%clk 1:33:54]}
11. Ng5 {[%clk 1:34:50]} Nf6 {[%clk 1:33:22]} 12. Bf3 {[%clk 1:35:14]} f4
{[%clk 1:32:23]} 13. c5 {[%clk 1:23:05]} h6 {[%clk 1:26:20]} 14. Ne6
{[%clk 1:22:27]} Bxe6 {[%clk 1:26:40]} 15. dxe6 {[%clk 1:22:51]} d5
{[%clk 1:05:03]} 16. gxf4 {[%clk 1:03:49]} dxe4 {[%clk 0:48:04]} 17. Nxe4
{[%clk 1:01:42]} Nxe4 {[%clk 0:36:49]} 18. Bxe4 {[%clk 1:01:36]} exf4
{[%clk 0:37:09]} 19. Rb1 {[%clk 1:00:57]} c6 {[%clk 0:34:05]} 20. b5
{[%clk 0:55:41]} Bd4 {[%clk 0:29:51]} 21. bxc6 {[%clk 0:53:23]} bxc6
{[%clk 0:30:06]} 22. Rb7 {[%clk 0:49:34]} Bxc5 {[%clk 0:27:10]} 23. Qc2
{[%clk 0:46:56]} Qd6 {[%clk 0:21:44]} 24. Bb2 {[%clk 0:46:47]} Nf5
{[%clk 0:07:09]} 25. Qc4 {[%clk 0:36:21]} Bxf2+ {[%clk 0:01:11]} 26. Rxf2
{[%clk 0:36:03]} Qd1+ {[%clk 0:01:39]} 27. Qf1 {[%clk 0:36:18]} 1-0

[Event "harpa"]
[Site "?"]
[Date "2013.02.23"]
[Round "6.10"]
[White "Bekker-Jensen, Simon"]
[Black "Williams, Simon K"]
[Result "0-1"]
[LiveChessVersion "1.4"]
[BlackElo "2498"]
[WhiteElo "2405"]

1. d4 {[%clk 1:30:58]} d5 {[%clk 1:25:03]} 2. c4 {[%clk 1:31:05]} c6
{[%clk 1:24:59]} 3. Nf3 {[%clk 1:31:06]} Nf6 {[%clk 1:24:34]} 4. Nc3
{[%clk 1:31:25]} e6 {[%clk 1:23:42]} 5. Bg5 {[%clk 1:31:19]} dxc4
{[%clk 1:23:44]} 6. e4 {[%clk 1:30:33]} b5 {[%clk 1:23:59]} 7. e5
{[%clk 1:30:46]} h6 {[%clk 1:24:19]} 8. Bh4 {[%clk 1:30:47]} g5 {[%clk 1:24:41]}
9. Nxg5 {[%clk 1:31:05]} Nd5 {[%clk 1:25:05]} 10. Nxf7 {[%clk 1:29:07]} Qxh4
{[%clk 1:22:49]} 11. Nxh8 {[%clk 1:28:29]} Bb4 {[%clk 1:23:11]} 12. Rc1
{[%clk 1:17:12]} c5 {[%clk 1:21:13]} 13. dxc5 {[%clk 1:10:17]} Nd7
{[%clk 1:21:37]} 14. Be2 {[%clk 1:04:02]} Nxe5 {[%clk 1:21:57]} 15. O-O
{[%clk 1:01:41]} Bb7 {[%clk 1:21:39]} 16. Nxb5 {[%clk 0:58:48]} O-O-O
{[%clk 1:21:04]} 17. Nd6+ {[%clk 0:54:52]} Rxd6 {[%clk 1:20:30]} 18. cxd6
{[%clk 0:55:15]} Bxd6 {[%clk 1:20:42]} 19. h3 {[%clk 0:45:23]} Nf4
{[%clk 1:20:44]} 20. Bg4 {[%clk 0:41:42]} Bc5 {[%clk 1:01:10]} 21. Nf7
{[%clk 0:33:44]} Nf3+ {[%clk 0:45:03]} 22. Kh1 {[%clk 0:32:33]} Nd4
{[%clk 0:34:33]} 23. Rxc4 {[%clk 0:22:54]} Bxg2+ {[%clk 0:34:57]} 24. Kg1
{[%clk 0:21:20]} Nxh3+ {[%clk 0:34:52]} 25. Kxg2 {[%clk 0:18:25]} Nf4+
{[%clk 0:34:05]} 26. Kg1 {[%clk 0:18:49]} Nde2+ {[%clk 0:34:23]} 0-1

[Event "harpa"]
[Site "?"]
[Date "2013.02.23"]
[Round "6.11"]
[White "Arngrimsson, Dagur"]
[Black "Kristjansson, Stefan"]
[Result "1-0"]
[LiveChessVersion "1.4"]
[BlackElo "2486"]
[WhiteElo "2375"]

1. d4 {[%clk 1:29:53]} Nf6 {[%clk 1:30:53]} 2. c4 {[%clk 1:30:13]} e6
{[%clk 1:30:52]} 3. g3 {[%clk 1:30:36]} c5 {[%clk 1:31:03]} 4. d5
{[%clk 1:30:53]} exd5 {[%clk 1:30:46]} 5. cxd5 {[%clk 1:31:15]} d6
{[%clk 1:31:03]} 6. Nc3 {[%clk 1:31:36]} g6 {[%clk 1:30:53]} 7. Nf3
{[%clk 1:31:50]} a6 {[%clk 1:30:57]} 8. a4 {[%clk 1:31:39]} Bg7 {[%clk 1:31:21]}
9. Bg2 {[%clk 1:31:58]} O-O {[%clk 1:31:31]} 10. O-O {[%clk 1:32:21]} Re8
{[%clk 1:31:10]} 11. Bf4 {[%clk 1:28:02]} Qc7 {[%clk 0:40:39]} 12. Rc1
{[%clk 1:21:09]} Nbd7 {[%clk 0:37:16]} 13. Re1 {[%clk 1:15:11]} Ne4
{[%clk 0:30:00]} 14. Nxe4 {[%clk 1:11:47]} Rxe4 {[%clk 0:28:55]} 15. Nd2
{[%clk 1:11:57]} Rd4 {[%clk 0:23:50]} 16. e3 {[%clk 1:06:22]} Rb4
{[%clk 0:24:13]} 17. Nc4 {[%clk 1:06:27]} Rxc4 {[%clk 0:19:46]} 18. Rxc4
{[%clk 1:06:16]} Bxb2 {[%clk 0:19:42]} 19. e4 {[%clk 0:59:29]} Rb8
{[%clk 0:13:43]} 20. a5 {[%clk 0:55:53]} b5 {[%clk 0:12:51]} 21. axb6
{[%clk 0:54:39]} Qxb6 {[%clk 0:12:13]} 22. Qa4 {[%clk 0:48:34]} Ne5
{[%clk 0:09:02]} 23. Bxe5 {[%clk 0:44:33]} Bxe5 {[%clk 0:09:29]} 24. Bf1
{[%clk 0:41:52]} a5 {[%clk 0:08:11]} 25. Rcc1 {[%clk 0:41:35]} Kg7
{[%clk 0:07:01]} 26. Kg2 {[%clk 0:36:39]} Qd8 {[%clk 0:07:02]} 27. Bb5
{[%clk 0:31:21]} g5 {[%clk 0:05:34]} 28. Rf1 {[%clk 0:27:45]} Qf6
{[%clk 0:04:30]} 29. Rb1 {[%clk 0:24:46]} Bh3+ {[%clk 0:03:57]} 30. Kxh3
{[%clk 0:22:53]} Qf3 {[%clk 0:03:17]} 31. Qd1 {[%clk 0:19:43]} g4+
{[%clk 0:02:55]} 32. Kh4 {[%clk 0:19:52]} 1-0

[Event "harpa"]
[Site "?"]
[Date "2013.02.23"]
[Round "6.12"]
[White "Smith, Axel"]
[Black "Wang, Jue"]
[Result "0-1"]
[LiveChessVersion "1.4"]
[BlackElo "2375"]
[WhiteElo "2485"]

1. d4 {[%clk 1:30:59]} Nf6 {[%clk 1:30:34]} 2. c4 {[%clk 1:31:25]} g6
{[%clk 1:30:59]} 3. g3 {[%clk 1:31:51]} Bg7 {[%clk 1:30:45]} 4. Bg2
{[%clk 1:32:19]} O-O {[%clk 1:31:01]} 5. Nc3 {[%clk 1:32:47]} d6 {[%clk 1:31:27]}
6. Nf3 {[%clk 1:33:13]} Nc6 {[%clk 1:31:53]} 7. O-O {[%clk 1:33:34]} a6
{[%clk 1:32:17]} 8. d5 {[%clk 1:33:47]} Na5 {[%clk 1:32:38]} 9. b3
{[%clk 1:34:01]} Nxd5 {[%clk 1:09:33]} 10. Nxd5 {[%clk 1:30:25]} c6
{[%clk 1:00:21]} 11. Nxe7+ {[%clk 1:21:06]} Qxe7 {[%clk 1:00:47]} 12. Bf4
{[%clk 1:15:05]} Rd8 {[%clk 0:51:28]} 13. Bg5 {[%clk 1:11:10]} Bf6
{[%clk 0:43:50]} 14. Qd2 {[%clk 1:01:39]} b6 {[%clk 0:43:52]} 15. Qf4
{[%clk 0:56:32]} Bxg5 {[%clk 0:41:11]} 16. Nxg5 {[%clk 0:57:00]} Be6
{[%clk 0:35:09]} 17. Rfd1 {[%clk 0:48:51]} Rac8 {[%clk 0:34:00]} 18. Qe3
{[%clk 0:31:09]} c5 {[%clk 0:26:45]} 19. Rd2 {[%clk 0:30:42]} Nc6
{[%clk 0:22:01]} 20. Bxc6 {[%clk 0:30:36]} Rxc6 {[%clk 0:22:25]} 21. Rad1
{[%clk 0:30:25]} Rc7 {[%clk 0:19:55]} 22. Qf4 {[%clk 0:28:04]} Rcd7
{[%clk 0:14:54]} 23. Ne4 {[%clk 0:13:14]} Bf5 {[%clk 0:15:20]} 24. Nxd6
{[%clk 0:12:43]} Bh3 {[%clk 0:15:43]} 25. Qe4 {[%clk 0:07:43]} Qf6
{[%clk 0:11:55]} 26. Qc6 {[%clk 0:06:33]} Re8 {[%clk 0:08:03]} 27. Qxb6
{[%clk 0:03:53]} Rxe2 {[%clk 0:07:34]} 28. Qb8+ {[%clk 0:01:43]} Kg7
{[%clk 0:07:54]} 29. Rxe2 {[%clk 0:01:29]} Qf3 {[%clk 0:08:20]} 30. Nf5+
{[%clk 0:01:07]} gxf5 {[%clk 0:08:24]} 31. Qe5+ {[%clk 0:01:30]} Kg6
{[%clk 0:07:42]} 32. Rd6+ {[%clk 0:01:26]} Kh5 {[%clk 0:04:45]} 33. Rh6+
{[%clk 0:00:32]} Kxh6 {[%clk 0:05:10]} 34. Qe3+ {[%clk 0:00:33]} Qxe3
{[%clk 0:05:37]} 35. fxe3 {[%clk 0:00:56]} Rd1+ {[%clk 0:06:05]} 0-1